00644nam a2200157 a 450000100100000000500170001000800410002704000250006810000300009324501280012326000480025130000310029970000330033095201060036399900170046900003875820201002031348.0130419s1997 mx a 001 0 spa d aDO-SdBNPbspacBNPHU1 aMalanchuk, Maureen96505710aInformación, habilidades para organizarla y mantener el control /cMaureen Malanchuk ; traducción Ma. del Pilar Carril. aMéxico :bSimon & Schuster Comany,c1997. axi,128 p. :bil. ;c28 cm.1 aCarril, Ma. del Pilar965058 0010507-18MOaGRbGRcOId2013-04-19iLF1l0o p38758-10r2020-06-25w2020-06-25y1ZNo se presta c38248d38248